| 000 | 004670000a22001810004500 | ||
|---|---|---|---|
| 003 | MACL | ||
| 005 | 20150708152507.0 | ||
| 008 | 150708b xxu||||| |||| 00| 0 eng d | ||
| 040 |
_aMACL _cMACL |
||
| 041 | _aEnglish | ||
| 082 | _a320 | ||
| 100 |
_aRatnagar, Shereen _91146 |
||
| 245 |
_aA Bronze Age Fronter _bProblems of Interpretation |
||
| 260 |
_bIndian History Congress _c1992 _aDelhi |
||
| 350 | _a25 | ||
| 650 |
_aPolitical Science _988 |
||
| 942 |
_cBK _k320 _2ddc |
||
| 999 |
_c4682 _d4682 |
||